000 00994nam a22003017a 4500
003 CHAP
005 20220329140650.0
008 971013s1986 r 00010 d
010 _a55660
011 _a56632
035 _a60785
040 _cCHAP
090 _aFolleto 10600
110 _aServicio Internacional para la Investigación Agrícola Nacional
_9105308
245 _aConsideraciones para el mejoramiento de la investigación agrícola a nivel nacional
260 _aLa Haya :
_bThe service,
_c1986
300 _a27 p.
590 _aBATCH-UPD
_b10
_c20130110
_lUCH01
_h1902
590 _aBATCH-UPD
_b10
_c20130410
_lUCH01
_h1230
590 _aBATCH-UPD
_b10
_c20130914
_lUCH01
_h1928
590 _aBATCH-UPD
_b10
_c20140805
_lUCH01
_h1146
590 _aCONVERSION
_b10
_c20130109
_lUCH01
_h1330
650 1 4 _aAgricultura
_xInvestigación.
_91577
650 1 4 _aPolítica agrícola.
_990283
901 _aBK
942 _cFOLL
949 _aFolleto 10600
_bBC
_cFOLL
_d-130807
_eTS1
_i60785
_si
999 _c55660
_d55660